Les podiums des grands concours des animateurs (TF1) - Statistiques

Statistiques générales
  • Ce quiz a été pris 95 fois
  • Le résultat moyen est 94 sur 140
Statistiques - réponses
Hint Réponse % Correct
2003 11 novembre 1 F Jean-Pierre {Foucault} 6
97%
2007 13 janvier 3 F Jean-Pierre {Foucault} 6
97%
2008 9 février 2 F Jean-Pierre {Foucault} 6
97%
De 2003 à 2009 1 F Jean-Pierre {Foucault}
97%
2013 21 septembre 1 B Christophe {Beaugrand} 25
95%
2014 29 août 2 B Christophe {Beaugrand} 25
95%
2015 12 septembre 3 B Christophe {Beaugrand} 25
95%
2017 10 février 2 B Christophe {Beaugrand} 25
95%
2018 2 mars 1 B Christophe {Beaugrand} 25
95%
2019 1er février 1 B Christophe {Beaugrand} 25
95%
2019 22 juin 3 B Christophe {Beaugrand} 25
95%
2019 7 septembre 1 B Christophe {Beaugrand} 25
95%
2020 19 juin 3 B Christophe {Beaugrand} 25
95%
2021 22 janvier 2 B Christophe {Beaugrand} 25
95%
2022 15 janvier 2 B Christophe {Beaugrand} 25
95%
2024 9 février 2 B Christophe {Beaugrand} 25
95%
De 2012 à 2014 3 B Christophe {Beaugrand}
95%
De 2017 à 2018 1 B Christophe {Beaugrand}
95%
De 2019 à 2020 1 B Christophe {Beaugrand}
95%
De 2021 à 2024 1 B Christophe {Beaugrand}
95%
De 2003 à 2024 1 B Christophe {Beaugrand}
95%
2009 10 janvier 3 C Benjamin {Castaldi} 9
94%
2010 15 janvier 1 C Benjamin {Castaldi} 9
94%
2012 15 septembre 2 C Benjamin {Castaldi} 9
94%
2014 31 mai 2 C Benjamin {Castaldi} 9
94%
2016 16 janvier 3 C Benjamin {Castaldi} 9
94%
2005 8 décembre 2 Q Sandrine {Quétier} 2
88%
2007 13 janvier 2 Q Sandrine {Quétier} 12
88%
2011 11 février 1 Q Sandrine {Quétier} 12
88%
2011 27 mai 3 Q Sandrine {Quétier} 12
88%
2011 17 septembre 3 Q Sandrine {Quétier} 12
88%
2012 15 septembre 1 Q Sandrine {Quétier} 12
88%
De 2003 à 2009 3 Q Sandrine {Quétier}
88%
De 2010 à 2011 2 Q Sandrine {Quétier}
88%
2009 10 janvier 1 B Denis {Brogniart} 13
86%
2011 11 février 2 B Denis {Brogniart} 13
86%
2011 27 mai 1 B Denis {Brogniart} 13
86%
2012 15 septembre 3 B Denis {Brogniart} 13
86%
2013 21 septembre 2 B Denis {Brogniart} 13
86%
2020 10 janvier 2 B Denis {Brogniart} 13
86%
De 2010 à 2011 1 B Denis {Brogniart}
86%
2003 11 février 1 B Laurence {Boccolini} 3
86%
2015 30 mai 1 G Elodie {Gossuin} 7
80%
2016 16 janvier 1 G Elodie {Gossuin} 7
80%
2018 2 mars 3 G Elodie {Gossuin} 7
80%
2018 26 mai 3 G Elodie {Gossuin} 7
80%
De 2015 à 2016 2 G Elodie {Gossuin}
80%
2013 8 mars 1 D Estelle {Denis} 8
79%
2015 30 mai 2 D Estelle {Denis} 8
79%
2015 12 septembre 1 D Estelle {Denis} 8
79%
De 2015 à 2016 3 D Estelle {Denis}
79%
2019 22 juin 2 E Samuel {Etienne} 2
79%
2015 20 février 3 G Bruno {Guillon} 3
77%
2018 2 mars 2 G Bruno {Guillon} 3
77%
2015 20 février 2 F Cyril {Féraud} 8
77%
2016 28 mai 2 F Cyril {Féraud} 8
77%
2018 22 septembre 2 F Cyril {Féraud} 8
77%
2019 1er février 2 F Cyril {Féraud} 8
77%
2010 15 janvier 3 A Julien {Arnaud} 21
77%
2013 21 septembre 3 A Julien {Arnaud} 21
77%
2014 31 mai 1 A Julien {Arnaud} 21
77%
2014 29 août 1 A Julien {Arnaud} 21
77%
2015 20 février 1 A Julien {Arnaud} 21
77%
2015 30 mai 3 A Julien {Arnaud} 21
77%
2016 28 mai 1 A Julien {Arnaud} 21
77%
2018 26 mai 1 A Julien {Arnaud} 21
77%
2020 10 janvier 1 A Julien {Arnaud} 21
77%
De 2012 à 2014 1 A Julien {Arnaud}
77%
De 2015 à 2016 1 A Julien {Arnaud}
77%
De 2017 à 2018 2 A Julien {Arnaud}
77%
De 2019 à 2020 2 A Julien {Arnaud}
77%
De 2003 à 2024 2 A Julien {Arnaud}
77%
2009 26 septembre 2 N Marie-Ange {Nardi} 5
77%
2014 29 août 3 N Marie-Ange {Nardi} 5
77%
2016 16 janvier 2 N Marie-Ange {Nardi} 5
77%
2020 19 juin 2 D Valérie {Damidot} 2
77%
2003 11 février 3 B Stéphane {Bern} 1
76%
2017 10 février 1 G Alex {Goude} 5
73%
2019 7 septembre 2 G Alex {Goude} 5
73%
De 2017 à 2018 2 G Alex {Goude}
73%
2012 24 février 1 M Laurent {Mariotte} 5
70%
2014 28 février 3 M Laurent {Mariotte} 5
70%
2019 1er février 3 M Laurent {Mariotte} 5
70%
2005 8 décembre 3 D Evelyne {Dhéliat} 1
68%
2007 13 janvier 1 L Catherine {Laborde} 6
65%
2011 17 septembre 1 L Catherine {Laborde} 6
65%
2009 10 janvier 2 F Sébastien {Folin} 5
61%
2020 19 juin 1 F Sébastien {Folin} 5
61%
De 2019 à 2020 2 F Sébastien {Folin}
61%
2010 11 septembre 2 H Cyril {Hanouna} 2
59%
2024 9 février 1 C Gérémy {Crédeville} 3
59%
De 2021 à 2024 3 C Gérémy {Crédeville}
59%
2017 10 février 3 M Grégoire {Margotton} 6
59%
2020 10 janvier 3 M Grégoire {Margotton} 6
59%
2021 22 janvier 1 M Grégoire {Margotton} 6
59%
2022 15 janvier 3 M Grégoire {Margotton} 6
59%
De 2021 à 2024 2 M Grégoire {Margotton}
59%
2008 9 février 1 K Anthony {Kavanagh} 3
52%
2018 26 mai 2 M Hervé {Mathoux} 6
52%
2018 22 septembre 3 M Hervé {Mathoux} 6
52%
2019 22 juin 1 M Hervé {Mathoux} 6
52%
De 2017 à 2018 2 M Hervé {Mathoux}
52%
De 2019 à 2020 2 M Hervé {Mathoux}
52%
2011 27 mai 2 C Patrice {Carmouze} 2
44%
2012 24 février 3 C Patrice {Carmouze} 3
44%
2004 14 décembre 3 D Alexandre {Debanne} 16
42%
2009 26 septembre 1 D Alexandre {Debanne} 16
42%
2010 11 septembre 1 D Alexandre {Debanne} 16
42%
2011 11 février 3 D Alexandre {Debanne} 16
42%
2013 8 mars 2 D Alexandre {Debanne} 16
42%
2014 28 février 1 D Alexandre {Debanne} 16
42%
2014 31 mai 3 D Alexandre {Debanne} 16
42%
2015 12 septembre 2 D Alexandre {Debanne} 16
42%
De 2003 à 2009 3 D Alexandre {Debanne}
42%
De 2010 à 2011 2 D Alexandre {Debanne}
42%
De 2012 à 2014 2 D Alexandre {Debanne}
42%
De 2003 à 2024 3 D Alexandre {Debanne}
42%
2010 15 janvier 2 M Ariane {Massenet} 6
38%
2018 22 septembre 1 M Ariane {Massenet} 6
38%
2024 9 février 3 M Ariane {Massenet} 6
38%
De 2017 à 2018 2 M Ariane {Massenet}
38%
2021 22 janvier 3 M Hélène {Mannarino} 1
36%
2008 9 février 3 A Mouloud {Achour} 1
35%
2009 26 septembre 3 C Sébastien {Cauet} 1
35%
2004 14 décembre 1 G Thierry {Gilardi} 3
32%
2011 17 septembre 2 B Valérie {Bénaïm} 3
32%
2013 8 mars 3 B Valérie {Bénaïm} 3
32%
2003 11 novembre 2 F Laurent {Fontaine} 6
30%
2005 8 décembre 1 F Laurent {Fontaine} 6
30%
2016 28 mai 3 F Laurent {Fontaine} 6
30%
De 2003 à 2009 2 F Laurent {Fontaine}
30%
2010 11 septembre 3 P Vincent {Perrot} 1
26%
2019 7 septembre 3 I Thomas {Isle} 1
23%
2014 28 février 2 B Jérôme {Bonaldi} 2
21%
2003 11 novembre 3 N Jean-Claude {Narcy} 1
18%
2004 14 décembre 2 N Jean-Claude {Narcy} 3
18%
2022 15 janvier 1 C Frédéric {Calenge} 3
11%
De 2021 à 2024 3 C Frédéric {Calenge}
11%
2003 11 février 2 G Emmanuelle {Gaume} 2
6%
2012 24 février 2 J {Julie} 2
0%
Aucun quiz correspondant
Distribution des résultats
% des personnes avec chaque résultat
Percentile par nombre de réponses
Votre historique - résultats
Vous n’avez pas pris ce quiz